Kahîre dosyası / (Record no. 14642)
[ view plain ]
| 000 -BAŞLIK | |
|---|---|
| Sabit Uzunlukta Kontrol Alanı | 00689nam a22002177a 4500 |
| 999 ## - SİSTEM KONTROL NUMARALARI (KOHA) | |
| Koha Biblionumber | 14642 |
| Koha Biblioitemnumber | 14642 |
| 003 - KONTROL NUMARASI IDENTIFIER | |
| Denetim Alanı | MIRAKIL |
| 005 - SON İŞLEM TARİHİ VE ZAMANI | |
| Denetim Alanı | 20211118161453.0 |
| 008 - SABİT-BOY VERİ ELEMANLARI - GENEL BİLGİLER | |
| Sabit Uzunlukta Kontrol Alanı | 211118b tu ||||| |||| 00| 0 tur d |
| 040 ## - KATALOGLAMA KAYNAK | |
| Orijinal Kataloglama Ajansı | TR-AnCHP |
| Metne Dönüştürmek Ajansı | TR-AnCHP |
| 041 ## - DİL KODU | |
| Metin / Ses Parça Veya Ayrı Başlığın Dil Kodu | tur |
| 082 ## - DEWEY ONLU SINIFLANDIRMA NUMARASI | |
| Sınıflandırma Numarası | 962 |
| Ürün Numarası | H39k 1974 |
| 100 ## - ANA GİRİŞ - KİŞİSEL İSİM | |
| Kişisel Ad | Heykel, Muhammed Hasaneyn |
| 245 10 - BAŞLIK TABLOSU | |
| Başlık | Kahîre dosyası / |
| Sorumluluk Tablosu, Vb | Muhammed Hasaneyn Heykel ; türkçesi : Berin Büktaş |
| 260 ## - YAYIN, DAĞITIM, VB | |
| Yayın, Dağıtım, Vb Yeri | Ankara : |
| Yayıncı, Dağıtıcı, Vs Adı | Bilgi Yayınevi, |
| Yayın, Dağıtım, Vb Tarihi | 1974. |
| 300 ## - FİZİKSEL TANIM | |
| Kapsam | 378 s.: |
| Boyutlar | 20 sm. |
| 490 0# - SERİSİ TABLOSU | |
| Seri Beyanı | Bilgi Yayınları. |
| -- | Bilgi dizisi ; |
| Hacim / Ardışık Tanımı | 6. |
| 650 #0 - KONU KATMA GİRİŞ - TOPİKAL DÖNEM | |
| 9 (RLIN) | 5273 |
| Topikal Süreli Veya Coğrafi Ad Giriş Elemanı | Devlet başkanları |
| Genel Alt Bölümü | Anılar |
| 651 #0 - KONU KATMA GİRİŞ - COĞRAFİ ADI | |
| 9 (RLIN) | 6837 |
| Coğrafi İsim | Mısır |
| Genel Alt Bölümü | Siyaset ve yönetim |
| 700 ## - KATMA GİRİŞ - KİŞİSEL İSİM | |
| 9 (RLIN) | 6836 |
| Kişisel Ad | Büktaş, Berin |
| Relator Terim | çev. |
| 942 ## - EKLENDİ GİRİŞ ELEMANLARI (KOHA) | |
| Sınıflandırma Veya Raf Düzeni Kaynak | Dewey Decimal Classification |
| Koha Öğesi Türü | Books |
| Kalıcı Konum | Mevcut Konum | Edinme Tarihi | Toplam Check-Out'Lar | Tam Çağrı Numarası | Barkod | Tarih Son Görülme | İtibaren Geçerli Fiyatlar | Sigara Kamu Notu | Koha Öğesi Türü |
|---|---|---|---|---|---|---|---|---|---|
| CHP Kütüphanesi | CHP Kütüphanesi | 11/18/2021 | 962 H39k 1974 | 020134 | 11/18/2021 | 11/18/2021 | Emin Değer Bağışıdır. | Books |
